| 000 | 00814nam a2200217 4500 | ||
|---|---|---|---|
| 001 | 21361 | ||
| 003 | ES-MaACL | ||
| 005 | 20230906152451.0 | ||
| 007 | t| | ||
| 008 | 021125s1982 sp a |||| | spa d | ||
| 080 | _a69.059 | ||
| 100 | 1 |
_aAddleson, Lyall. _918424 |
|
| 245 | 1 | 0 |
_aFallos en los edificios _b: manual de patología de la construcción / _cLyall Addleson ; [versión, Rafael Fontes]. |
| 260 |
_a[Madrid] : _bConsejo General de Colegios Oficiales de Aparejadores y Arquitectos Técnicos de España, _c[1982] |
||
| 300 |
_a109 p. : _bil. ; _c31 cm. |
||
| 500 | _aÍndice. | ||
| 650 | 0 | 4 |
_aConstrucción- _xFallos. _9144228 |
| 700 | 1 |
_aFontes, Rafael. _951644 |
|
| 710 | 2 |
_aConsejo General de Colegios Oficiales de Aparejadores y Arquitectos Técnicos (España) _9144227 |
|
| 852 |
_aES-MaACL _jL-3041 |
||
| 999 |
_c21361 _d21361 |
||